| 000 | 00418 a2200109 4500 | ||
|---|---|---|---|
| 001 | ART_30261 | ||
| 005 | 20260410161918.0 | ||
| 008 | 260409a | ||
| 245 | 1 | 0 | _aEl impacto de los cambios regulatorios en la re-emisión de estados financieros |
| 100 | 1 | _aCanetti, Marcelo | |
| 773 | 0 |
_tDocumentos de trabajo de contabilidad, auditoría y responsabilidad social _g- Año 4, Nº 7 (jun. 2014) _wREV14385 |
|
| 999 |
_c27464 _d27464 |
||